| 000 | 00845cas a22002295a 4500 | ||
|---|---|---|---|
| 001 | L158756 | ||
| 008 | 150703c1998 xxkar ss eng u | ||
| 035 | _a(Sirsi) u158756 | ||
| 041 | 0 | _aeng | |
| 110 | 2 | _aDTZ | |
| 245 | 0 | 0 |
_aGlobal office Thermometer _h[electronic resource] |
| 260 |
_a[S.l.] _bDTZ _c1998- |
||
| 362 | 0 | _a1998- | |
| 490 | 0 |
_aDTZ Global Office Thermometer _c1975 |
|
| 520 | _aGages the temperature of global office markets, measures the cost of occupying office space on a workstation basis, now and in the future, in 138 cities worldwide. | ||
| 554 | _aOne per year | ||
| 650 | 2 | 4 | _aDTZ GLOBAL OFFICE THERMOMETER |
| 651 | 4 | _aInternational | |
| 690 |
_aCommercial property _96227 |
||
| 856 | 4 | 0 |
_uhttps://www.dtz.com/Global/Research _zView the report free of charge at www.dtz.com after free registration. |
| 942 | _n0 | ||
| 999 |
_c119409 _d119409 |
||